000 00626nam a2200205Ia 4500
003 GCL
008 140319s9999 xx 000 0 ara d
040 _aGCL /
_cGCL
082 0 4 _a759.962
_bخ ا
100 1 _aخليل صفيه
245 1 0 _aادهم اسماعيل قراءه فى ثلاثه ابعاد /
_cخليل صفيه
300 _a243
490 _aاعلام الفن التشكيلى
_v0
650 0 4 _aالفنون التشكيلية
650 0 4 _aالفنانون العرب
650 0 4 _aالتصوير الزيتى
650 0 4 _aالمصورون
650 0 4 _aادهم اسماعيل
942 _2ddc
_cBK
999 _c44108
_d44108